Children's Authors Picture Click Quiz Stats

 Plays Quiz not verified by Sporcle

Challenge
Share
Tweet
Score 0/16 Timer 05:00
0 Plays Today
% Correct
J. K. Rowling
91.6%
Roald Dahl
80.3%
Beatrix Potter
79%
Dr. Seuss
75.7%
C. S. Lewis
75.1%
Judy Blume
69.6%
Enid Blyton
67.6%
R. L. Stine
64.7%
% Correct
Maurice Sendak
60.2%
Ann M. Martin
54%
Chris Van Allsburg
52.4%
Tomie dePaola
51.8%
Astrid Lindgren
50.8%
Roger Hargreaves
49.2%
Katherine Paterson
48.2%
Beverly Cleary
43.7%

You're not logged in!

Compare scores with friends on all Sporcle quizzes.
Join for Free
OR
Log In

You Might Also Like...

Show Comments

Extras

Top Quizzes Today


Score Distribution

Your Account Isn't Verified!

In order to create a playlist on Sporcle, you need to verify the email address you used during registration. Go to your Sporcle Settings to finish the process.

Report this User

Report this user for behavior that violates our Community Guidelines.

Details: